| 000 | 00860cam a2200229 a 4500 | ||
|---|---|---|---|
| 001 | 000007147 | ||
| 005 | 20200929154059.0 | ||
| 008 | 831214s1970 sp a 001 0beng | ||
| 040 |
_aDO-SdBNP _cCarP _dDLC |
||
| 082 |
_a928.946 _bO77C |
||
| 100 | 1 |
_aCampoy, Antonio Manuel. _919833 |
|
| 245 | 1 | 0 |
_aOrtega Muñoz / _cAntonio Manuel Campoy ; presentado por Florentino Pérez-Embid. |
| 260 |
_aMadrid : _bDirección General de Bellas Artes, _c1970. |
||
| 300 |
_a83 p. : _bil. ; _c17 cm. |
||
| 490 | 1 |
_aArtistas Españoles contemporáneos _vno. 2 |
|
| 600 | 1 | 4 |
_aORTEGA MUÑOZ, GODOFREDO, _d1905-1982. _919834 |
| 650 | 4 |
_aLiteratura española _9632 |
|
| 700 | 1 |
_aOrtega Muñoz, Godofredo, _d1905-1982. _919835 |
|
| 700 | 1 |
_aPérez-Embid, Florentino _919836 |
|
| 830 | 0 |
_aArtistas Españoles contemporáneos ; _vno. 2. _919837 |
|
| 910 | _aCatalogación por copia / LC | ||
| 999 |
_c6928 _d6928 |
||